000
00261nam a22001097a 4500
008
170118b xxu||||| |||| 00| 0 eng d
020
_a
9780833060129
041
_a
eng
080
_a
618.2
245
_a
NATIONAL GUARD SPECIAL FORCES
_c
PETERS, J.E
942
_2
udc
_c
BK
999
_c
3079
_d
3079